[Event "DEM U12w 2022"]
[Site "Willingen GER"]
[Date "2022.06.10"]
[Round "8"]
[White "Czäczine, Paula"]
[Black "Leicher, Anna"]
[Result "1-0"]
[Termination "normal"]
[Board "10"]
[WhiteElo "1218"]
[BlackElo "1223"]
[WhiteClock "00:06:21"]
[BlackClock "00:13:42"]
[PlyCount "175"]
[WhiteFideId "16249305"]
[BlackFideId "34614966"]
[EventCountry "GER"]
[EventRounds "9"]
[EventType "swiss"]
[EventDate "2022.06.04"]

1. e4 {[%clk 01:30:58]} {[%emt 00:00:02]} e5 {[%clk 01:30:55]} {[%emt
00:00:05]} 2. Nf3 {[%clk 01:31:22]} {[%emt 00:00:06]} Nc6 {[%clk 01:31:18]}
{[%emt 00:00:07]} 3. d4 {[%clk 01:31:44]} {[%emt 00:00:08]} exd4 {[%clk
01:31:33]} {[%emt 00:00:15]} 4. Nxd4 {[%clk 01:32:03]} {[%emt 00:00:11]} Bc5
{[%clk 01:31:19]} {[%emt 00:00:43]} 5. Be3 {[%clk 01:32:21]} {[%emt 00:00:12]}
Bb6 {[%clk 01:31:12]} {[%emt 00:00:37]} 6. Nf5 {[%clk 01:28:25]} {[%emt
00:04:27]} g6 {[%clk 01:19:46]} {[%emt 00:11:56]} 7. Bxb6 {[%clk 01:26:00]}
{[%emt 00:02:55]} axb6 {[%clk 01:18:52]} {[%emt 00:01:23]} 8. Ne3 {[%clk
01:25:36]} {[%emt 00:00:54]} d6 {[%clk 01:16:58]} {[%emt 00:02:23]} 9. Nc3
{[%clk 01:23:24]} {[%emt 00:02:44]} Nf6 {[%clk 01:15:37]} {[%emt 00:01:47]} 10.
Bb5 {[%clk 01:18:29]} {[%emt 00:05:29]} O-O {[%clk 01:11:10]} {[%emt 00:04:56]}
11. O-O {[%clk 01:15:07]} {[%emt 00:03:53]} Ne5 {[%clk 01:06:32]} {[%emt
00:04:56]} 12. h3 {[%clk 01:07:47]} {[%emt 00:08:01]} c6 {[%clk 01:03:48]}
{[%emt 00:03:14]} 13. Be2 {[%clk 01:06:21]} {[%emt 00:01:56]} Re8 {[%clk
00:59:58]} {[%emt 00:04:21]} 14. f4 {[%clk 00:55:14]} {[%emt 00:11:37]} Ned7
{[%clk 00:57:22]} {[%emt 00:03:06]} 15. Bf3 {[%clk 00:54:53]} {[%emt 00:00:51]}
Nc5 {[%clk 00:53:37]} {[%emt 00:04:15]} 16. Qd4 {[%clk 00:51:29]} {[%emt
00:03:54]} Qe7 {[%clk 00:52:25]} {[%emt 00:01:41]} 17. Nc4 {[%clk 00:46:13]}
{[%emt 00:05:48]} Ne6 {[%clk 00:42:36]} {[%emt 00:10:18]} 18. Qxd6 {[%clk
00:44:26]} {[%emt 00:02:16]} b5 {[%clk 00:41:54]} {[%emt 00:01:09]} 19. Qxe7
{[%clk 00:44:35]} {[%emt 00:00:24]} Rxe7 {[%clk 00:42:00]} {[%emt 00:00:24]}
20. Nb6 {[%clk 00:44:19]} {[%emt 00:00:47]} Rb8 {[%clk 00:42:08]} {[%emt
00:00:21]} 21. Nxc8 {[%clk 00:42:44]} {[%emt 00:02:05]} Rxc8 {[%clk 00:42:23]}
{[%emt 00:00:15]} 22. g3 {[%clk 00:41:33]} {[%emt 00:01:42]} Nd4 {[%clk
00:40:35]} {[%emt 00:02:17]} 23. e5 {[%clk 00:39:11]} {[%emt 00:02:53]} Nd7
{[%clk 00:37:02]} {[%emt 00:04:00]} 24. Be4 {[%clk 00:38:48]} {[%emt 00:00:55]}
f6 {[%clk 00:36:29]} {[%emt 00:01:03]} 25. exf6 {[%clk 00:34:40]} {[%emt
00:04:39]} Nxf6 {[%clk 00:36:38]} {[%emt 00:00:21]} 26. Bd3 {[%clk 00:34:46]}
{[%emt 00:00:24]} b4 {[%clk 00:34:14]} {[%emt 00:02:53]} 27. Na4 {[%clk
00:33:16]} {[%emt 00:02:01]} Nh5 {[%clk 00:33:42]} {[%emt 00:01:01]} 28. Kf2
{[%clk 00:30:50]} {[%emt 00:02:55]} c5 {[%clk 00:33:01]} {[%emt 00:01:13]} 29.
c3 {[%clk 00:27:23]} {[%emt 00:03:57]} Nc6 {[%clk 00:28:16]} {[%emt 00:05:12]}
30. cxb4 {[%clk 00:18:33]} {[%emt 00:09:22]} Nxb4 {[%clk 00:25:12]} {[%emt
00:03:34]} 31. Be2 {[%clk 00:15:55]} {[%emt 00:03:08]} Nf6 {[%clk 00:23:16]}
{[%emt 00:02:25]} 32. Nc3 {[%clk 00:13:28]} {[%emt 00:02:57]} Rd8 {[%clk
00:21:18]} {[%emt 00:02:27]} 33. Rad1 {[%clk 00:12:18]} {[%emt 00:01:41]} Ra8
{[%clk 00:21:27]} {[%emt 00:00:19]} 34. a3 {[%clk 00:12:00]} {[%emt 00:00:50]}
Nc2 {[%clk 00:21:39]} {[%emt 00:00:16]} 35. Rd3 {[%clk 00:10:28]} {[%emt
00:02:04]} Rae8 {[%clk 00:21:01]} {[%emt 00:00:59]} 36. Bf3 {[%clk 00:08:21]}
{[%emt 00:02:46]} Ne1 {[%clk 00:19:28]} {[%emt 00:02:04]} 37. Rd2 {[%clk
00:06:45]} {[%emt 00:02:06]} Re3 {[%clk 00:12:06]} {[%emt 00:07:45]} 38. Be2
{[%clk 00:02:19]} {[%emt 00:05:03]} Rxc3 {[%clk 00:10:41]} {[%emt 00:01:54]}
39. bxc3 {[%clk 00:02:18]} {[%emt 00:00:32]} Ne4+ {[%clk 00:08:54]} {[%emt
00:02:17]} 40. Kxe1 {[%clk 00:02:40]} {[%emt 00:00:07]} Nxd2 {[%clk 00:08:15]}
{[%emt 00:01:09]} 41. Kxd2 {[%clk 00:03:02]} {[%emt 00:00:07]} Rd8+ {[%clk
00:08:23]} {[%emt 00:00:21]} 42. Kc2 {[%clk 00:03:13]} {[%emt 00:00:21]} Re8
{[%clk 00:08:25]} {[%emt 00:00:22]} 43. Bc4+ {[%clk 00:03:03]} {[%emt
00:00:46]} Kf8 {[%clk 00:08:29]} {[%emt 00:00:25]} 44. Rd1 {[%clk 00:02:23]}
{[%emt 00:01:12]} Re3 {[%clk 00:08:27]} {[%emt 00:00:28]} 45. Rd3 {[%clk
00:02:26]} {[%emt 00:00:30]} Re4 {[%clk 00:08:16]} {[%emt 00:00:38]} 46. Bd5
{[%clk 00:02:11]} {[%emt 00:00:47]} Re2+ {[%clk 00:08:40]} {[%emt 00:00:07]}
47. Rd2 {[%clk 00:01:48]} {[%emt 00:00:53]} Re3 {[%clk 00:08:59]} {[%emt
00:00:11]} 48. Rd3 {[%clk 00:01:41]} {[%emt 00:00:38]} Re2+ {[%clk 00:09:02]}
{[%emt 00:00:26]} 49. Kd1 {[%clk 00:02:01]} {[%emt 00:00:10]} Rh2 {[%clk
00:08:55]} {[%emt 00:00:37]} 50. Bxb7 {[%clk 00:02:03]} {[%emt 00:00:29]} Rxh3
{[%clk 00:09:13]} {[%emt 00:00:11]} 51. Kc2 {[%clk 00:01:58]} {[%emt 00:00:36]}
Rh2+ {[%clk 00:09:10]} {[%emt 00:00:32]} 52. Rd2 {[%clk 00:01:45]} {[%emt
00:00:44]} Rh3 {[%clk 00:09:33]} {[%emt 00:00:07]} 53. Rg2 {[%clk 00:01:46]}
{[%emt 00:00:29]} Rh1 {[%clk 00:09:41]} {[%emt 00:00:22]} 54. a4 {[%clk
00:01:53]} {[%emt 00:00:24]} Ra1 {[%clk 00:10:01]} {[%emt 00:00:09]} 55. Kb3
{[%clk 00:01:48]} {[%emt 00:00:35]} c4+ {[%clk 00:10:16]} {[%emt 00:00:14]} 56.
Kxc4 {[%clk 00:01:58]} {[%emt 00:00:20]} Rxa4+ {[%clk 00:10:40]} {[%emt
00:00:06]} 57. Kb5 {[%clk 00:01:53]} {[%emt 00:00:35]} Ra3 {[%clk 00:10:38]}
{[%emt 00:00:32]} 58. Kb4 {[%clk 00:01:50]} {[%emt 00:00:34]} Ra1 {[%clk
00:10:56]} {[%emt 00:00:12]} 59. Bd5 {[%clk 00:01:33]} {[%emt 00:00:46]} Ra7
{[%clk 00:11:03]} {[%emt 00:00:23]} 60. c4 {[%clk 00:01:28]} {[%emt 00:00:35]}
Ra1 {[%clk 00:10:11]} {[%emt 00:01:22]} 61. Rc2 {[%clk 00:00:49]} {[%emt
00:01:09]} Rb1+ {[%clk 00:10:33]} {[%emt 00:00:09]} 62. Kc5 {[%clk 00:00:55]}
{[%emt 00:00:23]} Rb3 {[%clk 00:10:48]} {[%emt 00:00:13]} 63. g4 {[%clk
00:00:48]} {[%emt 00:00:38]} Rg3 {[%clk 00:10:15]} {[%emt 00:00:52]} 64. g5
{[%clk 00:01:06]} {[%emt 00:00:25]} Rb3 {[%clk 00:10:09]} {[%emt 00:00:35]} 65.
Kd6 {[%clk 00:01:15]} {[%emt 00:00:22]} Ke8 {[%clk 00:10:16]} {[%emt 00:00:22]}
66. c5 {[%clk 00:01:08]} {[%emt 00:00:38]} Rb8 {[%clk 00:09:27]} {[%emt
00:01:12]} 67. c6 {[%clk 00:01:00]} {[%emt 00:00:44]} Rb6 {[%clk 00:09:12]}
{[%emt 00:00:40]} 68. Ke5 {[%clk 00:00:51]} {[%emt 00:00:44]} Rb8 {[%clk
00:07:48]} {[%emt 00:01:48]} 69. c7 {[%clk 00:01:08]} {[%emt 00:00:19]} Rc8
{[%clk 00:08:11]} {[%emt 00:00:07]} 70. Bb7 {[%clk 00:01:20]} {[%emt 00:00:18]}
Rd8 {[%clk 00:07:50]} {[%emt 00:00:51]} 71. cxd8=Q+ {[%clk 00:01:33]} {[%emt
00:00:17]} Kxd8 {[%clk 00:08:05]} {[%emt 00:00:15]} 72. Rh2 {[%clk 00:01:55]}
{[%emt 00:00:09]} Kc7 {[%clk 00:08:17]} {[%emt 00:00:18]} 73. Rxh7+ {[%clk
00:02:18]} {[%emt 00:00:07]} Kb6 {[%clk 00:08:44]} {[%emt 00:00:03]} 74. Kf6
{[%clk 00:02:40]} {[%emt 00:00:07]} Kc5 {[%clk 00:09:08]} {[%emt 00:00:06]} 75.
Kxg6 {[%clk 00:03:05]} {[%emt 00:00:05]} Kd4 {[%clk 00:09:34]} {[%emt
00:00:05]} 76. f5 {[%clk 00:03:29]} {[%emt 00:00:05]} Ke5 {[%clk 00:09:55]}
{[%emt 00:00:09]} 77. f6 {[%clk 00:03:54]} {[%emt 00:00:05]} Kd4 {[%clk
00:10:20]} {[%emt 00:00:05]} 78. f7 {[%clk 00:04:17]} {[%emt 00:00:07]} Ke5
{[%clk 00:10:42]} {[%emt 00:00:08]} 79. f8=Q {[%clk 00:04:35]} {[%emt
00:00:13]} Kd4 {[%clk 00:11:06]} {[%emt 00:00:05]} 80. Qf3 {[%clk 00:04:43]}
{[%emt 00:00:22]} Kc4 {[%clk 00:11:24]} {[%emt 00:00:13]} 81. Qe3 {[%clk
00:04:52]} {[%emt 00:00:20]} Kb4 {[%clk 00:11:40]} {[%emt 00:00:13]} 82. Qd3
{[%clk 00:05:11]} {[%emt 00:00:12]} Kc5 {[%clk 00:12:04]} {[%emt 00:00:06]} 83.
Rc7+ {[%clk 00:05:33]} {[%emt 00:00:08]} Kb6 {[%clk 00:12:23]} {[%emt
00:00:10]} 84. Qd6+ {[%clk 00:05:53]} {[%emt 00:00:12]} Kb5 {[%clk 00:12:32]}
{[%emt 00:00:20]} 85. Qc5+ {[%clk 00:06:11]} {[%emt 00:00:12]} Ka4 {[%clk
00:12:55]} {[%emt 00:00:08]} 86. Qb6 {[%clk 00:06:13]} {[%emt 00:00:27]} Ka3
{[%clk 00:13:20]} {[%emt 00:00:06]} 87. Bh1 {[%clk 00:06:29]} {[%emt 00:00:13]}
Ka4 {[%clk 00:13:42]} {[%emt 00:00:08]} 88. Ra7# {[%clk 00:06:21]} {[%emt
00:00:07]} 1-0

[Event "DEM U12w 2022"]
[Site "Willingen GER"]
[Date "2022.06.10"]
[Round "8"]
[White "Kopylov, Diana"]
[Black "Yamshchikova, Alisa"]
[Result "0-1"]
[Termination "normal"]
[Board "11"]
[WhiteElo "1110"]
[BlackElo "1216"]
[WhiteClock "00:26:04"]
[BlackClock "00:41:59"]
[PlyCount "112"]
[WhiteFideId "16268865"]
[BlackFideId "34135790"]
[EventCountry "GER"]
[EventRounds "9"]
[EventType "swiss"]
[EventDate "2022.06.04"]

1. d4 {[%clk 01:30:57]} {[%emt 00:00:02]} d5 {[%clk 01:30:56]} {[%emt
00:00:06]} 2. Nf3 {[%clk 01:31:20]} {[%emt 00:00:07]} Nf6 {[%clk 01:31:11]}
{[%emt 00:00:14]} 3. Bf4 {[%clk 01:31:43]} {[%emt 00:00:06]} e6 {[%clk
01:31:29]} {[%emt 00:00:13]} 4. e3 {[%clk 01:31:44]} {[%emt 00:00:29]} c5
{[%clk 01:31:52]} {[%emt 00:00:08]} 5. Nc3 {[%clk 01:28:43]} {[%emt 00:03:31]}
Nc6 {[%clk 01:31:50]} {[%emt 00:00:31]} 6. Nb5 {[%clk 01:26:07]} {[%emt
00:03:06]} Kd7 {[%clk 01:26:17]} {[%emt 00:06:03]} 7. Ne5+ {[%clk 01:13:50]}
{[%emt 00:12:47]} Nxe5 {[%clk 01:25:44]} {[%emt 00:01:04]} 8. Bxe5 {[%clk
01:10:11]} {[%emt 00:04:08]} a6 {[%clk 01:21:54]} {[%emt 00:04:20]} 9. Nc7
{[%clk 01:08:13]} {[%emt 00:02:28]} Ra7 {[%clk 01:21:37]} {[%emt 00:00:47]} 10.
c3 {[%clk 00:58:23]} {[%emt 00:10:19]} b6 {[%clk 01:06:37]} {[%emt 00:15:32]}
11. Qa4+ {[%clk 00:51:23]} {[%emt 00:07:30]} Ke7 {[%clk 01:04:51]} {[%emt
00:02:15]} 12. Qc6 {[%clk 00:41:43]} {[%emt 00:10:10]} c4 {[%clk 00:54:42]}
{[%emt 00:10:39]} 13. Qxb6 {[%clk 00:36:44]} {[%emt 00:05:29]} Rb7 {[%clk
00:52:56]} {[%emt 00:02:17]} 14. Qa5 {[%clk 00:30:30]} {[%emt 00:06:43]} Ne4
{[%clk 00:43:25]} {[%emt 00:10:02]} 15. f3 {[%clk 00:25:57]} {[%emt 00:05:02]}
Nd6 {[%clk 00:42:37]} {[%emt 00:01:17]} 16. Qc5 {[%clk 00:25:10]} {[%emt
00:01:17]} Rxc7 {[%clk 00:42:00]} {[%emt 00:01:08]} 17. Qb4 {[%clk 00:21:37]}
{[%emt 00:04:00]} Rb7 {[%clk 00:40:40]} {[%emt 00:01:53]} 18. Qa3 {[%clk
00:21:16]} {[%emt 00:00:51]} Qb6 {[%clk 00:38:29]} {[%emt 00:02:41]} 19. Rb1
{[%clk 00:20:16]} {[%emt 00:01:30]} f6 {[%clk 00:38:41]} {[%emt 00:00:18]} 20.
Bg3 {[%clk 00:20:14]} {[%emt 00:00:31]} Kf7 {[%clk 00:38:37]} {[%emt 00:00:35]}
21. b3 {[%clk 00:18:33]} {[%emt 00:02:11]} Nf5 {[%clk 00:36:08]} {[%emt
00:02:59]} 22. Qc1 {[%clk 00:17:49]} {[%emt 00:01:14]} Nxg3 {[%clk 00:36:06]}
{[%emt 00:00:31]} 23. hxg3 {[%clk 00:18:11]} {[%emt 00:00:09]} Bd6 {[%clk
00:36:16]} {[%emt 00:00:21]} 24. Kf2 {[%clk 00:18:18]} {[%emt 00:00:22]} Bd7
{[%clk 00:35:52]} {[%emt 00:00:54]} 25. Be2 {[%clk 00:18:14]} {[%emt 00:00:33]}
Qc7 {[%clk 00:35:28]} {[%emt 00:00:55]} 26. f4 {[%clk 00:17:09]} {[%emt
00:01:34]} Rhb8 {[%clk 00:33:54]} {[%emt 00:02:05]} 27. Qc2 {[%clk 00:15:59]}
{[%emt 00:01:39]} h6 {[%clk 00:28:17]} {[%emt 00:06:07]} 28. b4 {[%clk
00:11:49]} {[%emt 00:04:40]} a5 {[%clk 00:24:30]} {[%emt 00:04:18]} 29. a3
{[%clk 00:11:21]} {[%emt 00:00:58]} axb4 {[%clk 00:24:31]} {[%emt 00:00:29]}
30. axb4 {[%clk 00:11:30]} {[%emt 00:00:20]} Ra7 {[%clk 00:23:57]} {[%emt
00:01:04]} 31. Rh4 {[%clk 00:09:53]} {[%emt 00:02:07]} Rba8 {[%clk 00:21:34]}
{[%emt 00:02:53]} 32. Rb2 {[%clk 00:07:52]} {[%emt 00:02:30]} Ba4 {[%clk
00:20:31]} {[%emt 00:01:34]} 33. Qh7 {[%clk 00:06:58]} {[%emt 00:01:24]} Bf8
{[%clk 00:13:58]} {[%emt 00:07:04]} 34. Rxh6 {[%clk 00:06:08]} {[%emt
00:01:19]} Bb3 {[%clk 00:13:17]} {[%emt 00:01:11]} 35. Qg6+ {[%clk 00:02:20]}
{[%emt 00:04:18]} Ke7 {[%clk 00:13:38]} {[%emt 00:00:09]} 36. Rh7 {[%clk
00:02:26]} {[%emt 00:00:24]} Ra2 {[%clk 00:12:35]} {[%emt 00:01:33]} 37. Rxa2
{[%clk 00:01:37]} {[%emt 00:01:19]} Rxa2 {[%clk 00:13:03]} {[%emt 00:00:02]}
38. Kf1 {[%clk 00:01:03]} {[%emt 00:01:03]} Bc2 {[%clk 00:13:00]} {[%emt
00:00:34]} 39. Rxg7+ {[%clk 00:00:48]} {[%emt 00:00:44]} Bxg7 {[%clk 00:13:28]}
{[%emt 00:00:03]} 40. Qxg7+ {[%clk 00:01:10]} {[%emt 00:00:08]} Kd6 {[%clk
00:13:34]} {[%emt 00:00:22]} 41. Qxf6 {[%clk 00:01:22]} {[%emt 00:00:19]} Bd3
{[%clk 00:12:35]} {[%emt 00:01:30]} 42. Qe5+ {[%clk 00:01:18]} {[%emt
00:00:33]} Kd7 {[%clk 00:12:50]} {[%emt 00:00:16]} 43. Qg7+ {[%clk 00:01:27]}
{[%emt 00:00:20]} Kc6 {[%clk 00:13:11]} {[%emt 00:00:09]} 44. b5+ {[%clk
00:00:37]} {[%emt 00:01:21]} Kb6 {[%clk 00:13:18]} {[%emt 00:00:22]} 45. Bxd3
{[%clk 00:30:21]} {[%emt 00:00:46]} cxd3 {[%clk 00:43:46]} {[%emt 00:00:03]}
46. Qg6 {[%clk 00:30:30]} {[%emt 00:00:18]} Ra1+ {[%clk 00:42:57]} {[%emt
00:01:22]} 47. Kf2 {[%clk 00:30:38]} {[%emt 00:00:21]} d2 {[%clk 00:42:58]}
{[%emt 00:00:30]} 48. Qxe6+ {[%clk 00:30:31]} {[%emt 00:00:36]} Kxb5 {[%clk
00:42:16]} {[%emt 00:01:13]} 49. Qxd5+ {[%clk 00:30:49]} {[%emt 00:00:12]} Ka4
{[%clk 00:42:36]} {[%emt 00:00:10]} 50. Qa8+ {[%clk 00:30:29]} {[%emt
00:00:50]} Qa5 {[%clk 00:43:00]} {[%emt 00:00:06]} 51. Qc6+ {[%clk 00:29:31]}
{[%emt 00:01:25]} Kb3 {[%clk 00:41:36]} {[%emt 00:01:55]} 52. Qe6+ {[%clk
00:28:13]} {[%emt 00:01:48]} Kb2 {[%clk 00:41:51]} {[%emt 00:00:17]} 53. Qc6
{[%clk 00:26:27]} {[%emt 00:02:16]} d1=Q {[%clk 00:41:56]} {[%emt 00:00:25]}
54. Qb7+ {[%clk 00:26:39]} {[%emt 00:00:17]} Kc2 {[%clk 00:41:58]} {[%emt
00:00:28]} 55. Qe4+ {[%clk 00:26:34]} {[%emt 00:00:35]} Kd2 {[%clk 00:42:12]}
{[%emt 00:00:16]} 56. Qf3 {[%clk 00:26:04]} {[%emt 00:01:00]} Qe1 {[%clk
00:41:59]} {[%emt 00:00:13]} 0-1

[Event "DEM U12w 2022"]
[Site "Willingen GER"]
[Date "2022.06.10"]
[Round "8"]
[White "Neininger, Sarah"]
[Black "Chandrasekher, Ritu"]
[Result "1-0"]
[Termination "normal"]
[Board "12"]
[WhiteElo "1429"]
[BlackElo "1312"]
[WhiteClock "00:17:52"]
[BlackClock "00:31:34"]
[PlyCount "51"]
[WhiteFideId "16287410"]
[BlackFideId "34609024"]
[EventCountry "GER"]
[EventRounds "9"]
[EventType "swiss"]
[EventDate "2022.06.04"]

1. e4 {[%clk 01:30:57]} {[%emt 00:00:01]} e5 {[%clk 01:30:50]} {[%emt
00:00:11]} 2. Nf3 {[%clk 01:31:22]} {[%emt 00:00:05]} Nc6 {[%clk 01:31:10]}
{[%emt 00:00:09]} 3. Bc4 {[%clk 01:31:45]} {[%emt 00:00:08]} Bc5 {[%clk
01:31:28]} {[%emt 00:00:11]} 4. c3 {[%clk 01:32:03]} {[%emt 00:00:13]} Nf6
{[%clk 01:31:36]} {[%emt 00:00:21]} 5. d4 {[%clk 01:32:21]} {[%emt 00:00:13]}
exd4 {[%clk 01:31:46]} {[%emt 00:00:20]} 6. cxd4 {[%clk 01:32:38]} {[%emt
00:00:13]} Bb4+ {[%clk 01:31:58]} {[%emt 00:00:17]} 7. Nc3 {[%clk 01:32:58]}
{[%emt 00:00:11]} Nxe4 {[%clk 01:31:52]} {[%emt 00:00:36]} 8. O-O {[%clk
01:33:19]} {[%emt 00:00:09]} Bxc3 {[%clk 01:31:56]} {[%emt 00:00:25]} 9. d5
{[%clk 01:33:36]} {[%emt 00:00:13]} Bf6 {[%clk 01:31:03]} {[%emt 00:01:23]} 10.
Re1 {[%clk 01:33:12]} {[%emt 00:00:55]} Ne7 {[%clk 01:30:35]} {[%emt 00:00:57]}
11. Rxe4 {[%clk 01:33:25]} {[%emt 00:00:18]} d6 {[%clk 01:29:54]} {[%emt
00:01:11]} 12. Bg5 {[%clk 01:32:46]} {[%emt 00:01:08]} Bxg5 {[%clk 01:29:24]}
{[%emt 00:01:00]} 13. Nxg5 {[%clk 01:33:07]} {[%emt 00:00:09]} h6 {[%clk
01:28:50]} {[%emt 00:01:04]} 14. Qh5 {[%clk 01:10:09]} {[%emt 00:23:25]} g6
{[%clk 01:19:31]} {[%emt 00:09:53]} 15. Qh4 {[%clk 01:08:51]} {[%emt 00:01:46]}
f6 {[%clk 01:11:55]} {[%emt 00:08:07]} 16. Bb5+ {[%clk 00:58:22]} {[%emt
00:11:00]} Kf8 {[%clk 01:03:49]} {[%emt 00:08:34]} 17. Ne6+ {[%clk 00:56:32]}
{[%emt 00:02:22]} Bxe6 {[%clk 01:03:50]} {[%emt 00:00:28]} 18. Qxf6+ {[%clk
00:55:53]} {[%emt 00:01:09]} Bf7 {[%clk 00:52:51]} {[%emt 00:11:29]} 19. Qxh8+
{[%clk 00:54:13]} {[%emt 00:02:10]} Ng8 {[%clk 00:52:30]} {[%emt 00:00:51]} 20.
Rf4 {[%clk 00:21:42]} {[%emt 00:32:47]} Qg5 {[%clk 00:38:48]} {[%emt 00:14:25]}
21. g3 {[%clk 00:19:52]} {[%emt 00:02:20]} Qxd5 {[%clk 00:36:41]} {[%emt
00:02:38]} 22. Bc4 {[%clk 00:19:18]} {[%emt 00:00:56]} Qxc4 {[%clk 00:33:46]}
{[%emt 00:03:34]} 23. Rxc4 {[%clk 00:19:36]} {[%emt 00:00:12]} Bxc4 {[%clk
00:34:05]} {[%emt 00:00:09]} 24. Rc1 {[%clk 00:18:23]} {[%emt 00:01:43]} Bd5
{[%clk 00:31:31]} {[%emt 00:03:05]} 25. Rxc7 {[%clk 00:18:05]} {[%emt
00:00:49]} Re8 {[%clk 00:31:34]} {[%emt 00:00:26]} 26. Qg7# {[%clk 00:17:52]}
{[%emt 00:00:11]} 1-0

[Event "DEM U12w 2022"]
[Site "Willingen GER"]
[Date "2022.06.10"]
[Round "8"]
[White "Will, Elina"]
[Black "Nalam, Mokshadha"]
[Result "1/2-1/2"]
[Termination "normal"]
[Board "13"]
[WhiteElo "1333"]
[BlackElo "1185"]
[PlyCount "49"]
[WhiteFideId "34623434"]
[BlackFideId "34623566"]
[EventCountry "GER"]
[EventRounds "9"]
[EventType "swiss"]
[EventDate "2022.06.04"]

1. e4 d6 2. d4 Nf6 3. Nc3 g6 4. Be3 c6 5. Bd3 Bg7 6. f3 b5 7. a3 Nbd7 8. Nge2
Bb7 9. Qd2 a5 10. O-O O-O 11. Bh6 e5 12. b4 Qb6 13. Be3 Qc7 14. Rfd1 axb4 15.
axb4 Nb6 16. Bf2 Nc4 17. Bxc4 bxc4 18. dxe5 dxe5 19. Bc5 Rfd8 20. Rxa8 Rxa8 21.
Qd6 Qxd6 22. Bxd6 h6 23. g4 g5 24. h3 Nh7 25. Kg2 1/2-1/2

[Event "DEM U12w 2022"]
[Site "Willingen GER"]
[Date "2022.06.10"]
[Round "8"]
[White "John, Linnea"]
[Black "Abram, Kristina-Maria"]
[Result "0-1"]
[Termination "normal"]
[Board "14"]
[WhiteElo "1306"]
[BlackElo "1044"]
[PlyCount "112"]
[WhiteFideId "34623680"]
[BlackFideId "16298349"]
[EventCountry "GER"]
[EventRounds "9"]
[EventType "swiss"]
[EventDate "2022.06.04"]

1. e4 d5 2. exd5 Qxd5 3. Nc3 Qa5 4. d4 Nf6 5. Bd2 c6 6. Be2 Bf5 7. Nf3 e6 8.
O-O Nbd7 9. Re1 Qc7 10. a3 Bd6 11. h3 h6 12. Na2 g5 13. Bb4 g4 14. Bxd6 Qxd6
15. hxg4 Nxg4 16. g3 h5 17. Kg2 h4 18. Rh1 O-O-O 19. Rxh4 Rxh4 20. Nxh4 Ndf6
21. Qd2 Rg8 22. Rf1 Nxf2 23. Qe3 Bh3+ 24. Kh2 N2g4+ 25. Bxg4 Nxg4+ 26. Kxh3
Nxe3 27. Rg1 Nxc2 28. Nc3 Nxd4 29. Ne4 Qc7 30. b4 Nf5 31. Nxf5 exf5 32. Nc3 f4
33. Ne2 fxg3 34. Nxg3 Qxg3+ 35. Rxg3 Rxg3+ 36. Kxg3 c5 37. Kf4 cxb4 38. axb4
Kc7 39. Kf5 Kb6 40. Kf6 Kb5 41. Kxf7 Kxb4 42. Ke6 a5 43. Kd5 a4 44. Kd4 a3 45.
Kd3 a2 46. Kc2 a1=Q 47. Kd3 Qc3+ 48. Ke4 Kc5 49. Kf5 Qd4 50. Ke6 Qd5+ 51. Kf6
Kd6 52. Kg7 Qf5 53. Kh8 Qg4 54. Kh7 Ke6 55. Kh8 Kf7 56. Kh7 Qg7# 0-1

[Event "DEM U12w 2022"]
[Site "Willingen GER"]
[Date "2022.06.10"]
[Round "8"]
[White "Zhou, Leyi Charlotte"]
[Black "Zhou, Jenny"]
[Result "1/2-1/2"]
[Termination "normal"]
[Board "15"]
[WhiteElo "1315"]
[BlackElo "1272"]
[PlyCount "72"]
[WhiteFideId "16258100"]
[BlackFideId "16280229"]
[EventCountry "GER"]
[EventRounds "9"]
[EventType "swiss"]
[EventDate "2022.06.04"]

1. e4 e5 2. Nf3 Nc6 3. d4 exd4 4. Nxd4 Nf6 5. Nxc6 bxc6 6. Nc3 Bb4 7. Bd3 d5 8.
exd5 cxd5 9. O-O O-O 10. Bg5 c6 11. Qf3 Rb8 12. a3 Bd6 13. Rab1 Re8 14. b4 a5
15. b5 Bd7 16. bxc6 Bxc6 17. Qf5 Rxb1 18. Rxb1 h6 19. Bh4 Bxa3 20. Nb5 Bc5 21.
c4 Qd7 22. Qxd7 Nxd7 23. cxd5 Bxd5 24. Nc7 Re5 25. Nxd5 Rxd5 26. Bc4 Rd4 27.
Bb5 Rxh4 28. Bxd7 a4 29. g3 Rd4 30. Rb8+ Kh7 31. Bf5+ g6 32. Bb1 a3 33. Rb5 Bb4
34. Ba2 Kg7 35. Rb7 Kf6 36. Rxf7+ Ke5 1/2-1/2

[Event "DEM U12w 2022"]
[Site "Willingen GER"]
[Date "2022.06.10"]
[Round "8"]
[White "Janssen, Mareike"]
[Black "Bakó, Isabella"]
[Result "0-1"]
[Termination "normal"]
[Board "16"]
[WhiteElo "1022"]
[BlackElo "1247"]
[PlyCount "90"]
[WhiteFideId "34607145"]
[BlackFideId "16287266"]
[EventCountry "GER"]
[EventRounds "9"]
[EventType "swiss"]
[EventDate "2022.06.04"]

1. e4 c5 2. Nf3 d6 3. Bc4 Nf6 4. Nc3 Nc6 5. d3 e6 6. O-O a6 7. a3 Be7 8. Be3 d5
9. exd5 exd5 10. Bxd5 Nxd5 11. Qe1 Nxe3 12. Qxe3 O-O 13. Ne4 Nd4 14. c3 Nc2 15.
Qc1 Nxa1 16. Qxa1 Qxd3 17. Re1 Qd8 18. Rd1 Qc7 19. h3 b5 20. Qc1 Bb7 21. Ng3
Bxf3 22. gxf3 Rfd8 23. Re1 Bh4 24. Nf5 Bf6 25. Qe3 Qd7 26. Qxc5 Rac8 27. Ne7+
Bxe7 28. Qxe7 Qxe7 29. Rxe7 Rd2 30. b4 Rc2 31. Ra7 R2xc3 32. Rxa6 Rxf3 33. Kg2
Rb3 34. Ra5 Rb8 35. h4 g6 36. Kf1 Rh3 37. Ke2 Rxh4 38. Kf3 h5 39. Kg3 Rc4 40.
Kf3 h4 41. Kg2 g5 42. Kh1 g4 43. Kh2 Rc2 44. Kg1 g3 45. fxg3 Rd8 0-1